Oxford beginners Japanese dictionary /

Bibliographic Details
Other Authors: Bunt, Jonathan, Hall, Gillian
Format: Book
Language:English
Japanese
Published: Oxford [England] : New York : Oxford University Press, 2006.
Subjects:
Classic Catalogue: View this record in Classic Catalogue
LEADER 02419nam a22004094a 4500
001 44958
003 BD-DhAAL
005 20251021120703.0
008 251021t2006 enk d 000 0 eng d
010 |a  2006046440  |z  2006049927  |z  2006299615 
020 |a 9780199298525 
020 |a 0199298521 
035 |a 14378868 
040 |a DLC  |c DLC  |d DLC  |d BD-DhAAL 
041 0 |a jpn  |a eng 
042 |a pcc 
050 0 0 |a PL679  |b .O93 2006 
082 0 0 |a 495.6321  |2 22 
245 0 0 |a Oxford beginners Japanese dictionary /  |c edited by Jonathan Bunt, with Gillian Hall. 
260 |a Oxford [England] :  |a New York :  |b Oxford University Press,  |c 2006. 
300 |a xvi, 464 pages ;  |c 20 cm 
500 |a First published as: The Oxford starter Japanese dictionary. 2000. Republished as: Oxford beginners Japanese dictionary, 2006. 
526 |a CSE  |x Annajiat Alim Rasel Senior Lecturer Department of Computer Science and Engineering BRAC University Course Name : Japanese Language and General for ITEE (JPN 101) 
541 |a Hye Trade International  |e 44958, 44959 
650 0 |a Japanese language  |v Dictionaries  |x English.  |9 59323 
650 0 |a English language  |v Dictionaries  |x Japanese.  |9 59694 
655 7 |a Dictionaries.  |2 lcgft  |9 14176 
700 1 |a Bunt, Jonathan.  |9 59695 
700 1 |a Hall, Gillian.  |9 59696 
730 0 |a Oxford starter Japanese dictionary.  |9 59697 
852 |a Ayesha Abed Library  |c Reference Section 
942 |2 ddc  |c BK 
955 |a pc16 2006-05-16 to HLCD  |i yy10 2006-05-18  |a aa05 2006-05-18  |a sp10 2007-01-29 copy 2 added 
955 |a LCAP batch update 2025-06-01-04:00: LCAPM-644, LCAPM-893 
999 |c 47461  |d 47461 
952 |0 0  |1 0  |2 ddc  |4 0  |6 495_632100000000000_OXF  |7 0  |9 78372  |a BRACUL  |b BRACUL  |c NEW  |d 2025-10-19  |e Hye Trade International  |g 1577.00  |l 0  |o 495.6321 OXF  |p 3010044958  |r 2025-10-19  |t 1  |v 3154.00  |w 2025-10-19  |y BK  |x Requisitioned by Annajiat Alim Rasel (Senior Lecturer, Department of Computer Science and Engineering, BRAC University) for the course named - 'Japanese Language and General for ITEE (JPN 101)' 
952 |0 0  |1 0  |2 ddc  |4 0  |6 495_632100000000000_OXF  |7 1  |9 78373  |a BRACUL  |b BRACUL  |c REF  |d 2025-10-19  |e Hye Trade International  |g 1577.00  |l 0  |o 495.6321 OXF  |p 3010044959  |r 2025-10-19  |t 2  |v 3154.00  |w 2025-10-19  |y BK  |x Requisitioned by Annajiat Alim Rasel (Senior Lecturer, Department of Computer Science and Engineering, BRAC University) for the course named - 'Japanese Language and General for ITEE (JPN 101)'